Constitution of the federation of malaya 1957

Bibliographic Details
Corporate Author: Malaysia
Format: Book
Published: Kuala Lumpur : Kementerian Kebudayaan Kesenian dan Warisan Malaysia , 2007
Subjects:

MARC

LEADER 00000cam a2200000 7i4500
001 0000021149
005 20120710.0
008 071205
020 |a 9789833374175 
040 |a INS 
090 0 0 |a KPG667.A31   |b M35 2007 
110 1 |a Malaysia   |c Kementerian Kebudayaan Kesenian dan Warisan Malaysia 
245 1 0 |a Constitution of the federation of malaya 1957   |c Kementerian Kebudayaan Kesenian dan Warisan Malaysia 
260 |a Kuala Lumpur :   |b Kementerian Kebudayaan Kesenian dan Warisan Malaysia ,   |c 2007 
300 |a 1 v. (Varios pagings) :   |b ill. ;   |c 21cm. 
650 0 0 |a Constitutional history   |z Malaya   |y 1957 
650 0 0 |a Constitutional law   |z Malaya   |y 1957 
999 |a 0000019672   |b BOOK   |c Open Shelf   |e Default branch